000 01262cam a2200277 a 4500
001 1196908
005 20250324104525.0
008 980603s1998 caua b 000 0 eng
020 _a0787943975 (pbk. : alk. paper)
050 0 0 _aHD5660.U5
_bL385 1998
082 0 0 _a658.4
_221
100 1 _aLawler, Edward E.
245 1 0 _aStrategies for high performance organizations :
_bthe CEO report : employee involvement, TQM, and reengineering programs in Fortune 1000 corporations /
_cEdward E. Lawler, with Susan Albers Mohrman and Gerald E. Ledford.
250 _a1st ed.
260 _aSan Francisco :
_bJossey-Bass Publishers,
_cc1998.
300 _axxii, 233 p. :
_bill. ;
_c28 cm.
650 0 _aManagement
_xEmployee participation
_zUnited States.
650 0 _aTotal quality management
_zUnited States.
650 0 _aReengineering (Management)
_zUnited States.
700 1 _aMohrman, Susan Albers.
700 1 _aLedford, Gerald E.
856 7 _3Table of contents only
_uhttp://lcweb.loc.gov/catdir/toc/98-8555.html
_2http
856 4 2 _3Contributor biographical information
_uhttp://www.loc.gov/catdir/enhancements/fy0607/98008555-b.html
856 4 2 _3Publisher description
_uhttp://www.loc.gov/catdir/enhancements/fy0607/98008555-d.html
942 _2lcc
_cBK
_n0
999 _c5127
_d5127